La personalidad internacional de Panamá (Record no. 149674)

MARC details
000 -LEADER
campo de control de longitud fija 00531nam a2200157 i 4500
001 - NÚMERO DE CONTROL
campo de control 149674
003 - IDENTIFICADOR DE NÚMERO DE CONTROL
campo de control ES-MaACL
005 - FECHA Y HORA DE LA ÚLTIMA TRANSACCIÓN
campo de control 20230906203212.0
007 - CAMPO FIJO DE DESCRIPCIÓN FÍSICA--INFORMACIÓN GENERAL
campo de control de longitud fija t|
008 - DATOS DE LONGITUD FIJA--INFORMACIÓN GENERAL
campo de control de longitud fija 071023s1932 sp ||||1| spa d
100 1# - ENTRADA PRINCIPAL--NOMBRE DE PERSONA
Nombre de persona Vasquez Hernández, Publio A.
9 (RLIN) 113280
245 13 - MENCIÓN DEL TÍTULO
Título La personalidad internacional de Panamá
Resto del título : tesis presentada a consideración de la Facultad de Derecho de Madrid /
Mención de responsabilidad, etc. por Publio A. Vasquez Hernández.
260 ## - PUBLICACIÓN, DISTRIBUCIÓN, ETC.
Lugar de publicación, distribución, etc. Madrid :
Nombre del editor, distribuidor, etc. A. Marzo,
Fecha de publicación, distribución, etc. [1932?]
300 ## - DESCRIPCIÓN FÍSICA
Extensión 155 p. ;
Dimensiones 24 cm.
852 ## - LOCALIZACIÓN
Ubicación ES-MaACL
Número de control de estantería A-1493
Holdings
Estatus retirado Estado de pérdida Estado de daño No para préstamo Biblioteca de origen Biblioteca actual Ubicación en estantería Fecha de adquisición Fuente de adquisición Total de préstamos Signatura topográfica completa Código de barras Visto por última vez Precio de reemplazo Tipo de ítem Koha
        Biblioteca del Ateneo de Madrid Biblioteca del Ateneo de Madrid Sala Pecera Planta 1 17/01/2008     A-1493 1156190 23/02/2023 23/02/2023 Libro impreso